Historia diplomática de la república del Ecuador: orígenes de la actual república del Ecuador, la diplomacia de la independencia, adhesión de la antigua presidencia de Quito a la Gran Colombia y política exterior de esta, de 1822 a 1830
保存先:
| 第一著者: | |
|---|---|
| フォーマット: | 図書 |
| 言語: | スペイン語 |
| 出版事項: |
Guayaquil
Universidad de Guyaquil
1967
|
| 主題: | |
| タグ: |
タグ追加
タグなし, このレコードへの初めてのタグを付けませんか!
|
MARC
| LEADER | 00000nam a2200000 a 4500 | ||
|---|---|---|---|
| 001 | UCO3755 | ||
| 003 | CL-VaPUC | ||
| 008 | 000720e19670000EC |||||||||||||||||spa|d | ||
| 082 | 0 | 4 | |a 327.09866 |b VIL |2 21 |
| 100 | 0 | |a Villacres Moscoso, Jorge W |e author |9 447652 | |
| 245 | 1 | 0 | |a Historia diplomática de la república del Ecuador: orígenes de la actual república del Ecuador, la diplomacia de la independencia, adhesión de la antigua presidencia de Quito a la Gran Colombia y política exterior de esta, de 1822 a 1830 |
| 300 | |a v | ||
| 942 | |c BK | ||
| 945 | |d 20000720 00:00:00 |a crobeson | ||
| 260 | |a Guayaquil |b Universidad de Guyaquil |c 1967 | ||
| 650 | 0 | |a Historia diplomática |9 314834 | |
| 650 | 0 | |a Relaciones Internacionales |9 255740 | |
| 650 | 7 | |a HISTORIA DE ECUADOR |2 CL-VaPUC |9 447636 | |
| 651 | 0 | |a Ecuador |9 258378 | |
| 583 | |a last modification |c 20000720 00:00:00 |k Rodrigo Vera | ||
| 999 | |c 289886 |d 289884 | ||
| 952 | |0 0 |1 0 |4 0 |6 327_098660000000000_VIL_1967 |7 0 |8 A |9 338790 |a BIBHIS |b BIBHIS |d 2019-11-20 |h v.1 |i 1200380 |o 327.09866 VIL 1967 |p 1200380 |r 2025-01-20 |w 2019-11-20 |y BK |k HIS | ||